000 00344nam a2200133Ia 4500
008 240624s9999 xx 000 0 und d
041 _aeng
082 _a658.562 GIS
100 _aGISI PHILIP J
245 _aSUSTAINING A CULTURE OF PROCESS CONTROL
260 _c2018
_aLondon
_bRoutledge
300 _axxxv, 391 p.; 23 cm.
365 _cBPS
_b35
999 _c31721
_d31721